The valuation of assets in the commercial renewable energy sector (Record no. 116169)

MARC details
000 -LEADER
fixed length control field 01504cab a22002535a 4500
001 - CONTROL NUMBER
control field L159947
008 - FIXED-LENGTH DATA ELEMENTS--GENERAL INFORMATION
fixed length control field 150113e2018 xxk 000 0 eng d
020 ## - INTERNATIONAL STANDARD BOOK NUMBER
ISBN 9781783212279
041 0# - LANGUAGE CODE
Language code of text/sound track or separate title eng
050 ## - Library of Congress Classification
Class mark 333.3321 $2 18
110 2# - MAIN ENTRY--CORPORATE NAME
Corporate author Royal Institution of Chartered Surveyors
245 04 - TITLE STATEMENT
Title The valuation of assets in the commercial renewable energy sector
Medium [electronic resource]
260 ## - PUBLICATION INFORMATION
Place of publication London
Publisher RICS
Date 2018
490 ## - SERIES TITLE
Series statement RICS Guidance Note
520 ## - ABSTRACT
Abstract It is intended to assist the valuer in highlighting the main factors that affect the valuation of commercial renewable energy installations and to outline the valuation process and approaches. It does not set out to provide a comprehensive manual for the appraisal of renewable energy installations. However, it does address some of the more complex issues that might arise when assessing the Market Value, Investment Value (Worth), Equitable Value (Fair Value) and Synergistic Value for such assets and seeks to place them in the context of the RICS Valuation Standards and UK valuation practices. Effective 19 April 2018.
650 24 - KEYWORDS
Keywords RENEWABLE ENERGY
650 24 - KEYWORDS
Keywords INVESTMENT VALUE
650 24 - KEYWORDS
Keywords MARKET VALUE
650 24 - KEYWORDS
Keywords FAIR VALUE
651 #4 - SUBJECT ADDED ENTRY--GEOGRAPHIC NAME
Geographic name United Kingdom
690 ## - BROAD SUBJECT
Broad subject Valuation
9 (RLIN) 6273
856 40 - ONLINE RESOURCE
Uniform Resource Identifier <a href="https://www.rics.org/profession-standards/rics-standards-and-guidance/sector-standards/valuation-standards/the-valuation-of-assets-in-the-commercial-renewable-energy-sector">https://www.rics.org/profession-standards/rics-standards-and-guidance/sector-standards/valuation-standards/the-valuation-of-assets-in-the-commercial-renewable-energy-sector</a>
Public note Available on RICS.org
942 ## - ADDED ENTRY ELEMENTS (KOHA)
Suppress in OPAC Do not suppress in OPAC
Holdings
Lost status Source of classification or shelving scheme Damaged status Not for loan Home library Current library Shelving location Date acquired Total Checkouts Full call number Barcode Date last seen Copy number Price effective from Koha item type
  Dewey Decimal Classification     Virtual Virtual Online 11/04/2018   ONLINE PUBLICATION 159947-2001 06/08/2019 1 06/08/2019 Book